01014cam a2200289 a 4500001000700000003000900007005001700016007000700033008004100040010000600081020002800087040002200115050000900137082000900146245014000155246003200295250004700327260003800374300004500412500002100457700002300478710003600501942001200537952012000549956003800669999001700707 4038 DO-SdBNP20160906101527.0 4038 031114s2003 nyua 001 0 eng  a  a0789496739 (alk. paper) aBPMSUcspadBPMSU00a b 04a 2 00aAmerican College of Physicians complete home medical guide /ceditor-in-chief, David R. Goldmann ; associate editor, David A. Horowitz.3 aComplete home medical guide a2nd Amer. ed., completely rev. and updated aNew York, N.Y. :bDK Pub.,c2003. a1104 p. :bill. (chiefly col.) ;c27 cm. aInclye índice 1 aGoldmann, David R.2 aAmerican College of Physicians. 2ddccBK 00102ddc40708EXTaBPMETbBPMETd2016-09-06eDonado Rosa Núñezl0pBPMET16090199r2016-09-06w2016-09-06yBK aVMATEOb10c20160906dBPMSUf0069 c11334d11334